<?xml version="1.0" encoding="UTF-8"?>
<record
    xmlns:xsi="http://www.w3.org/2001/XMLSchema-instance"
    xsi:schemaLocation="http://www.loc.gov/MARC21/slim http://www.loc.gov/standards/marcxml/schema/MARC21slim.xsd"
    xmlns="http://www.loc.gov/MARC21/slim">

  <leader>01251nam2a22002411  4500</leader>
  <controlfield tag="001">rc\260888</controlfield>
  <controlfield tag="005">20250621063906.0</controlfield>
  <datafield tag="035" ind1=" " ind2=" ">
    <subfield code="a">(NLR Aleph) 005629985</subfield>
  </datafield>
  <datafield tag="090" ind1=" " ind2=" ">
    <subfield code="a">6566909</subfield>
    <subfield code="c">6566909</subfield>
  </datafield>
  <datafield tag="100" ind1=" " ind2=" ">
    <subfield code="a">20030307d1990    |||y0rusy50      ca</subfield>
  </datafield>
  <datafield tag="101" ind1="0" ind2=" ">
    <subfield code="a">rus</subfield>
  </datafield>
  <datafield tag="102" ind1=" " ind2=" ">
    <subfield code="a">RU</subfield>
  </datafield>
  <datafield tag="105" ind1=" " ind2=" ">
    <subfield code="a">y   |||||||||</subfield>
  </datafield>
  <datafield tag="200" ind1="0" ind2=" ">
    <subfield code="a">&#x427;. 1</subfield>
    <subfield code="f">[&#x420;&#x435;&#x434;&#x43A;&#x43E;&#x43B;.: &#x41B;.&#x410;. &#x413;&#x440;&#x438;&#x446;&#x44E;&#x442;&#x435; (&#x43E;&#x442;&#x432;. &#x440;&#x435;&#x434;.) &#x438; &#x434;&#x440;.]</subfield>
  </datafield>
  <datafield tag="210" ind1=" " ind2=" ">
    <subfield code="d">1990</subfield>
    <subfield code="a">&#x411;. &#x43C;.</subfield>
  </datafield>
  <datafield tag="215" ind1=" " ind2=" ">
    <subfield code="a">189, [1] &#x441;.</subfield>
  </datafield>
  <datafield tag="461" ind1=" " ind2="0">
    <subfield code="1">001rc\260887</subfield>
    <subfield code="1">2001#$a&#x410;&#x43A;&#x442;&#x443;&#x430;&#x43B;&#x44C;&#x43D;&#x44B;&#x435; &#x432;&#x43E;&#x43F;&#x440;&#x43E;&#x441;&#x44B; &#x43A;&#x43B;&#x438;&#x43D;&#x438;&#x447;&#x435;&#x441;&#x43A;&#x43E;&#x439; &#x438; &#x442;&#x435;&#x43E;&#x440;&#x435;&#x442;&#x438;&#x447;&#x435;&#x441;&#x43A;&#x43E;&#x439; &#x43E;&#x43D;&#x43A;&#x43E;&#x43B;&#x43E;&#x433;&#x438;&#x438;$e&#x41C;&#x430;&#x442;&#x435;&#x440;&#x438;&#x430;&#x43B;&#x44B; 7-&#x439; &#x41A;&#x43E;&#x43D;&#x444;. &#x43E;&#x43D;&#x43A;&#x43E;&#x43B;&#x43E;&#x433;&#x43E;&#x432; &#x41B;&#x438;&#x442;&#x421;&#x421;&#x420;, &#x41B;&#x430;&#x442;&#x432;&#x421;&#x421;&#x420;, &#x42D;&#x421;&#x421;&#x420;, 28-30 &#x43C;&#x430;&#x440;&#x442;&#x430; 1990 &#x433;., &#x41F;&#x430;&#x43B;&#x430;&#x43D;&#x433;&#x430;$v&#x427;. 1</subfield>
    <subfield code="9">6566901</subfield>
    <subfield code="c">&#x412;&#x438;&#x43B;&#x44C;&#x43D;&#x44E;&#x441;</subfield>
    <subfield code="d">1990-</subfield>
    <subfield code="n">&#x41D;&#x418;&#x418; &#x43E;&#x43D;&#x43A;&#x43E;&#x43B;&#x43E;&#x433;&#x438;&#x438;</subfield>
    <subfield code="o">&#x41C;&#x430;&#x442;&#x435;&#x440;&#x438;&#x430;&#x43B;&#x44B; 7-&#x439; &#x41A;&#x43E;&#x43D;&#x444;. &#x43E;&#x43D;&#x43A;&#x43E;&#x43B;&#x43E;&#x433;&#x43E;&#x432; &#x41B;&#x438;&#x442;&#x421;&#x421;&#x420;, &#x41B;&#x430;&#x442;&#x432;&#x421;&#x421;&#x420;, &#x42D;&#x421;&#x421;&#x420;, 28-30 &#x43C;&#x430;&#x440;&#x442;&#x430; 1990 &#x433;., &#x41F;&#x430;&#x43B;&#x430;&#x43D;&#x433;&#x430;</subfield>
    <subfield code="t">&#x410;&#x43A;&#x442;&#x443;&#x430;&#x43B;&#x44C;&#x43D;&#x44B;&#x435; &#x432;&#x43E;&#x43F;&#x440;&#x43E;&#x441;&#x44B; &#x43A;&#x43B;&#x438;&#x43D;&#x438;&#x447;&#x435;&#x441;&#x43A;&#x43E;&#x439; &#x438; &#x442;&#x435;&#x43E;&#x440;&#x435;&#x442;&#x438;&#x447;&#x435;&#x441;&#x43A;&#x43E;&#x439; &#x43E;&#x43D;&#x43A;&#x43E;&#x43B;&#x43E;&#x433;&#x438;&#x438;</subfield>
    <subfield code="v">&#x427;. 1</subfield>
  </datafield>
  <datafield tag="702" ind1=" " ind2="1">
    <subfield code="a">&#x413;&#x440;&#x438;&#x446;&#x44E;&#x442;&#x435;</subfield>
    <subfield code="b">&#x41B;.-&#x41B;.&#x410;.</subfield>
    <subfield code="g">&#x41B;&#x44E;&#x434;&#x432;&#x438;&#x43A;&#x430;-&#x41B;&#x430;&#x439;&#x43C;&#x430; &#x410;&#x443;&#x433;&#x443;&#x441;&#x442;&#x43E;&#x432;&#x43D;&#x430;</subfield>
    <subfield code="4">340</subfield>
  </datafield>
  <datafield tag="801" ind1=" " ind2="0">
    <subfield code="a">RU</subfield>
    <subfield code="b">NLR</subfield>
    <subfield code="g">psbo</subfield>
  </datafield>
  <datafield tag="801" ind1=" " ind2="1">
    <subfield code="a">RU</subfield>
    <subfield code="b">ELAR</subfield>
    <subfield code="2">rusmarc</subfield>
  </datafield>
  <datafield tag="852" ind1=" " ind2=" ">
    <subfield code="a">NLR</subfield>
    <subfield code="j">90-3/2852</subfield>
  </datafield>
  <datafield tag="942" ind1=" " ind2=" ">
    <subfield code="c">BOOK</subfield>
  </datafield>
  <datafield tag="980" ind1=" " ind2=" ">
    <subfield code="a">NB</subfield>
  </datafield>
  <datafield tag="995" ind1=" " ind2=" ">
    <subfield code="5">2013-10-26</subfield>
    <subfield code="b">NLR01</subfield>
    <subfield code="c">NLR01</subfield>
    <subfield code="e">RF9</subfield>
    <subfield code="f">5629985-10</subfield>
    <subfield code="k">90-3/2852</subfield>
    <subfield code="o">0</subfield>
    <subfield code="r">BOOK</subfield>
    <subfield code="s">9032852_</subfield>
  </datafield>
</record>
